Normal view
MARC view
Entry Personal Name
001 - CONTROL NUMBER
- control field: 166135
003 - CONTROL NUMBER IDENTIFIER
- control field: OSt
005 - DATE AND TIME OF LATEST TRANSACTION
- control field: 20220923222142.0
008 - FIXED-LENGTH DATA ELEMENTS
- fixed length control field: 220923|| aca||aabn | a|a d
040 ## - CATALOGING SOURCE
- Original cataloging agency: OSt
- Transcribing agency: OSt
100 ## - HEADING--PERSONAL NAME
- Personal name: मित्र, विमल; शर्मा, केसरीकांत, अनु
670 ## - SOURCE DATA FOUND
- Source citation: Work cat.: (OSt)354185: मित्र, विमल; शर्मा, केसरीकांत, अनु., विवाहिता, 1984
